[Event "Madrid ch 2009 - Semifinal A"]
[Site "Madrid ESP"]
[Date "2009.01.13"]
[Round "2.10"]
[White "Ciuro Munoz, Ricardo"]
[Black "Pardo Robles, Jose Manuel"]
[Result "1-0"]
[WhiteElo "2071"]
[BlackElo "1946"]
[PlyCount "79"]
[EventDate "2009.01.12"]
[EventType "swiss"]
[EventRounds "9"]
[EventCountry "ESP"]
[Source "lmi"]
[SourceDate "2009.01.12"]

1. e4 c5 2. Nf3 d6 3. d4 cxd4 4. Nxd4 Nf6 5. Nc3 g6 6. Be3 Bg7 7. f3 O-O 8. Qd2
Nc6 9. Bc4 Bd7 10. O-O-O Rc8 11. Bb3 Ne5 12. Kb1 Nc4 13. Bxc4 Rxc4 14. g4 a6
15. h4 b5 16. h5 b4 17. Nce2 a5 18. hxg6 fxg6 19. Bh6 Rf7 20. Bxg7 Rxg7 21. g5
Nh5 22. Nf5 Be6 23. Nxg7 Kxg7 24. Nf4 Nxf4 25. Qxf4 Qc8 26. Qh2 Bg8 27. Rd2 a4
28. e5 Qe6 29. b3 axb3 30. axb3 Rc6 31. exd6 Rxd6 32. Rxd6 exd6 33. Qf4 Qe7 34.
Rd1 d5 35. Qd4+ Kf8 36. f4 Bf7 37. Kb2 Qe4 38. Qxe4 dxe4 39. Rd4 e3 40. Re4 1-0

[Event "Madrid ch 2009 - Semifinal A"]
[Site "Madrid ESP"]
[Date "2009.01.13"]
[Round "2.11"]
[White "Perez Cameselle, Francisco Jose"]
[Black "Garcia Esteban, Juan Ignacio"]
[Result "1-0"]
[WhiteElo "1996"]
[BlackElo "2071"]
[PlyCount "159"]
[EventDate "2009.01.12"]
[EventType "swiss"]
[EventRounds "9"]
[EventCountry "ESP"]
[Source "lmi"]
[SourceDate "2009.01.12"]

1. Nf3 Nf6 2. g3 d5 3. Bg2 c6 4. d3 Nbd7 5. Nbd2 g6 6. O-O Bg7 7. e4 dxe4 8.
dxe4 O-O 9. Qe2 e5 10. Nc4 Qc7 11. a4 b5 12. axb5 cxb5 13. Na3 Ba6 14. Nxb5
Bxb5 15. Qxb5 Qxc2 16. Ne1 Qc7 17. Be3 Rfb8 18. Qe2 a5 19. Nd3 Qb7 20. Rfc1 Bf8
21. f4 Qb5 22. Rc2 Rd8 23. fxe5 Nxe5 24. Nxe5 Qxe5 25. Bf4 Qd4+ 26. Kh1 Re8 27.
Rd1 Qa4 28. e5 Ra7 29. Bc6 Qb3 30. Qd3 Qb4 31. Bd2 Qg4 32. Re1 Rd8 33. Qxd8 Nh5
34. Kg2 Ng7 35. Bf3 Qf5 36. Rc4 Rd7 37. Qg5 Qd3 38. Rc8 Ne6 39. Qe3 Qxd2+ 40.
Qxd2 Rxd2+ 41. Re2 Rd4 42. Kf2 Kg7 43. Rec2 Rb4 44. R8c4 Rb5 45. Re2 Bc5+ 46.
Kg2 h5 47. h4 Bd4 48. Rcc2 Bc5 49. Red2 Nd4 50. Rxc5 Rxc5 51. Rxd4 Rxe5 52. Rd5
Re6 53. Rxa5 Rb6 54. Ra2 Kf6 55. Bd5 Rd6 56. Bc4 Rd2+ 57. Kf3 Rc2 58. Ra6+ Kg7
59. b3 f6 60. Ra7+ Kh6 61. Rf7 Rc3+ 62. Kg2 f5 63. Rf6 Kg7 64. Rf7+ Kh6 65. Rf6
Kg7 66. Rb6 Rc2+ 67. Kf3 Rd2 68. b4 Rd4 69. Rc6 Kf8 70. b5 Ke7 71. b6 Kd7 72.
Bb5 Rb4 73. Rc5+ Kd6 74. b7 Kxc5 75. b8=Q Rxb5 76. Qf8+ Kd5 77. Qf7+ Kc5 78.
Qxg6 Kd4 79. Qxh5 Re5 80. Kf4 1-0

[Event "Madrid ch 2009 - Semifinal A"]
[Site "Madrid ESP"]
[Date "2009.01.13"]
[Round "2.12"]
[White "Garcia Gutierrez, Jose"]
[Black "Cano Mercado, Francisco Manuel"]
[Result "1-0"]
[WhiteElo "2060"]
[BlackElo "1907"]
[PlyCount "89"]
[EventDate "2009.01.12"]
[EventType "swiss"]
[EventRounds "9"]
[EventCountry "ESP"]
[Source "lmi"]
[SourceDate "2009.01.12"]

1. e4 c6 2. d4 d5 3. Nd2 dxe4 4. Nxe4 Bf5 5. Ng3 Bg6 6. h4 h6 7. Nf3 Nd7 8. h5
Bh7 9. Bd3 Bxd3 10. Qxd3 e6 11. Bd2 Ngf6 12. Kf1 Qc7 13. Re1 O-O-O 14. b4 Bd6
15. Rh4 Nb8 16. c4 c5 17. bxc5 Bxc5 18. Qb3 Bd6 19. Ne4 Nxe4 20. Rhxe4 Qb6 21.
Qc2 Qa6 22. Kg1 Nd7 23. c5 Bc7 24. d5 exd5 25. Ra4 Qc6 26. Rxa7 Bb8 27. Ra3
Rde8 28. Be3 Re4 29. Nd4 Qc7 30. c6 bxc6 31. Qxc6 Qxc6 32. Nxc6 Rhe8 33. Rd1
Nf6 34. Nxb8 Kxb8 35. Rb1+ Kc8 36. Ra8+ Kd7 37. Rb7+ Ke6 38. Ra6+ Kf5 39. Rxf7
Rg8 40. g3 Rb4 41. f3 Rb1+ 42. Kg2 Rb2+ 43. Kh3 Re2 44. g4+ Ke5 45. Re7# 1-0

[Event "Madrid ch 2009 - Semifinal A"]
[Site "Madrid ESP"]
[Date "2009.01.13"]
[Round "2.13"]
[White "Fernandez Aransay, Fernando"]
[Black "Cortes Jurado, Rafael"]
[Result "1-0"]
[WhiteElo "1956"]
[BlackElo "2050"]
[PlyCount "99"]
[EventDate "2009.01.12"]
[EventType "swiss"]
[EventRounds "9"]
[EventCountry "ESP"]
[Source "lmi"]
[SourceDate "2009.01.12"]

1. e4 c5 2. Nf3 e6 3. d4 cxd4 4. Nxd4 Nc6 5. Nc3 a6 6. Be2 Qc7 7. O-O Nf6 8. a4
Bb4 9. Nxc6 bxc6 10. Qd4 c5 11. Qe3 d6 12. Bf3 e5 13. Ne2 c4 14. Qg5 O-O 15.
Qg3 Kh8 16. Bg5 Be6 17. Qh4 Ng8 18. Ng3 f6 19. Be3 Bc5 20. Nf5 Bxe3 21. fxe3
Rab8 22. Rad1 Rxb2 23. Bg4 Bxf5 24. Bxf5 Nh6 25. Rd2 c3 26. Rdf2 Ra2 27. g4
Rxa4 28. Bg6 Qd7 29. h3 Rg8 30. Bf5 Qa7 31. Be6 Re8 32. g5 Ng8 33. Bf5 h6 34.
gxf6 Nxf6 35. Qg3 Rf8 36. Rg2 Rb4 37. Kh2 Qe7 38. Rfg1 Rb7 39. Qh4 Rg8 40. Rg6
Nh7 41. Qxh6 Rb2 42. Qh5 Rxc2+ 43. Kh1 Qf7 44. Qh4 Qa2 45. R6g2 g6 46. Bxg6
Rxg6 47. Qd8+ Nf8 48. Qxf8+ Kh7 49. Qe7+ Kh8 50. Qh4+ 1-0

[Event "Madrid ch 2009 - Semifinal A"]
[Site "Madrid ESP"]
[Date "2009.01.13"]
[Round "2.14"]
[White "Ruiz Quevedo, Andres"]
[Black "Andalon Gomez, Carlos J"]
[Result "0-1"]
[WhiteElo "1889"]
[BlackElo "1999"]
[PlyCount "118"]
[EventDate "2009.01.12"]
[EventType "swiss"]
[EventRounds "9"]
[EventCountry "ESP"]
[Source "lmi"]
[SourceDate "2009.01.12"]

1. c4 e5 2. e3 Nc6 3. a3 a5 4. b3 Bc5 5. Bb2 Qe7 6. Nf3 d6 7. Be2 f5 8. d4 Bb6
9. d5 Nb8 10. Nc3 Nf6 11. h4 O-O 12. Qc2 Ng4 13. Ng5 h6 14. Ne6 Bxe6 15. dxe6
c6 16. Bxg4 fxg4 17. Qg6 Qf6 18. Qxf6 Rxf6 19. e7 Nd7 20. Ne4 Re6 21. Rd1 Bc7
22. f3 gxf3 23. gxf3 Re8 24. Rg1 R8xe7 25. h5 Nf6 26. Ng3 Kh7 27. Nf5 Rd7 28.
Rg6 Re8 29. Ke2 Nxh5 30. Nxd6 Kxg6 31. Nxe8 Rxd1 32. Kxd1 Bb8 33. c5 Ba7 34. b4
axb4 35. axb4 b6 36. cxb6 Bxb6 37. Kd2 Kf7 38. Nd6+ Ke6 39. Nc4 Bc7 40. Kd3 Ng3
41. Bc3 h5 42. Be1 Nf5 43. Na5 Kd6 44. Ke4 g6 45. Nb7+ Ke6 46. Nc5+ Kf6 47.
Nd7+ Ke6 48. Nc5+ Ke7 49. Nd3 Kf6 50. f4 Nd6+ 51. Kf3 e4+ 52. Ke2 exd3+ 53.
Kxd3 Kf5 54. Bh4 Ne4 55. Kc4 Bb6 56. Kd3 Nd6 57. Be7 Ne4 58. Bh4 Nf6 59. Ke2
Ng4 0-1

[Event "Madrid ch 2009 - Semifinal A"]
[Site "Madrid ESP"]
[Date "2009.01.14"]
[Round "3.1"]
[White "Salcedo Tornero, Pablo"]
[Black "Fraga Castro, Jose Carlos"]
[Result "1/2-1/2"]
[WhiteElo "2158"]
[BlackElo "2187"]
[PlyCount "110"]
[EventDate "2009.01.12"]
[EventType "swiss"]
[EventRounds "9"]
[EventCountry "ESP"]
[Source "lmi"]
[SourceDate "2009.01.12"]

1. e4 c5 2. Nc3 g6 3. d4 Bg7 4. dxc5 Qa5 5. Nge2 Nf6 6. Qd3 Na6 7. f3 Nxc5 8.
Qb5 Qxb5 9. Nxb5 O-O 10. Be3 d6 11. Nc7 Rb8 12. Nc3 Bd7 13. O-O-O Rfc8 14. N7d5
Nxd5 15. Nxd5 Kf8 16. Kb1 b6 17. h4 h5 18. Bg5 f6 19. Be3 Kf7 20. g3 a5 21. Bh3
Bxh3 22. Rxh3 b5 23. c3 Rc6 24. Rh2 Na4 25. Bd4 e6 26. b3 exd5 27. bxa4 dxe4
28. fxe4 bxa4+ 29. Rb2 Rcc8 30. Rxb8 Rxb8+ 31. Kc2 Ke6 32. c4 Bh6 33. Rf1 f5
34. exf5+ gxf5 35. Re1+ Kd7 36. Rf1 Ke6 37. Re1+ Kd7 38. Rf1 Rf8 39. Kd3 f4 40.
gxf4 Rxf4 41. Rxf4 Bxf4 42. Bf2 Ke6 43. Ke4 Be5 44. Be1 Bf6 45. Bf2 Bc3 46. Bg3
Bd2 47. Bf2 a3 48. Bg3 a4 49. Bf2 Bc3 50. Bg3 Bb2 51. Bf4 Bc3 52. Bg3 Bb2 53.
Bf4 Bc3 54. Bg3 Bb2 55. Bf4 Bc3 1/2-1/2

[Event "Madrid ch 2009 - Semifinal A"]
[Site "Madrid ESP"]
[Date "2009.01.14"]
[Round "3.2"]
[White "Longa Yauca, Javier"]
[Black "Martin Rodriguez, Emilio"]
[Result "1-0"]
[WhiteElo "2312"]
[BlackElo "2133"]
[PlyCount "93"]
[EventDate "2009.01.12"]
[EventType "swiss"]
[EventRounds "9"]
[EventCountry "ESP"]
[Source "lmi"]
[SourceDate "2009.01.12"]

1. c4 c6 2. Nc3 d5 3. d4 Nf6 4. Nf3 g6 5. Bg5 Ne4 6. Bh4 Bg7 7. e3 Qa5 8. Rc1
Nd7 9. cxd5 Nxc3 10. Rxc3 Nb6 11. Qd2 Nxd5 12. Rc1 Qxd2+ 13. Kxd2 f6 14. Bc4
Be6 15. Bg3 Kf7 16. Rhd1 Rhd8 17. Ke2 Rac8 18. a3 Bh6 19. h4 Nc7 20. Nd2 b6 21.
Bd3 Nb5 22. a4 Nd6 23. Ba6 Rc7 24. b4 Bc8 25. Bd3 Bb7 26. a5 Rcd7 27. Nc4 Nxc4
28. Bxc4+ e6 29. a6 Ba8 30. b5 Rc8 31. Bd3 Bf8 32. Be4 c5 33. Bxa8 Rxa8 34.
dxc5 Rxd1 35. Rxd1 bxc5 36. Rd7+ Ke8 37. Rxh7 e5 38. Kd3 Rd8+ 39. Kc4 Rd1 40.
Rxa7 Rc1+ 41. Kd5 Rd1+ 42. Kc4 Rc1+ 43. Kd5 Rd1+ 44. Kc6 Rd6+ 45. Kb7 c4 46.
Ra8+ Kf7 47. Rc8 1-0

[Event "Madrid ch 2009 - Semifinal A"]
[Site "Madrid ESP"]
[Date "2009.01.14"]
[Round "3.3"]
[White "Lopez Andujar Ocana, Antonio"]
[Black "Hernandez Gallardo, Francisco Javier"]
[Result "0-1"]
[WhiteElo "2137"]
[BlackElo "2281"]
[PlyCount "44"]
[EventDate "2009.01.12"]
[EventType "swiss"]
[EventRounds "9"]
[EventCountry "ESP"]
[Source "lmi"]
[SourceDate "2009.01.12"]

1. e4 e6 2. d4 d5 3. e5 c5 4. c3 Nc6 5. Nf3 Bd7 6. Be2 Qb6 7. a3 a5 8. a4 Nh6
9. Bb5 cxd4 10. Bxh6 gxh6 11. cxd4 Bg7 12. O-O O-O 13. Ra3 f6 14. Re1 fxe5 15.
Bxc6 Bxc6 16. Nxe5 Qxb2 17. Re2 Qb4 18. Rd2 Rac8 19. Rb3 Bxa4 20. Rxb4 Bxd1 21.
Rxb7 Bxe5 22. Rxd1 Bxd4 0-1

[Event "Madrid ch 2009 - Semifinal A"]
[Site "Madrid ESP"]
[Date "2009.01.14"]
[Round "3.4"]
[White "De la Fuente Gonzalez, Francisco"]
[Black "Pastor Alonso de Prado, Alberto"]
[Result "0-1"]
[WhiteElo "2176"]
[BlackElo "2137"]
[PlyCount "100"]
[EventDate "2009.01.12"]
[EventType "swiss"]
[EventRounds "9"]
[EventCountry "ESP"]
[Source "lmi"]
[SourceDate "2009.01.12"]

1. c4 c6 2. Nf3 d5 3. d4 Nf6 4. Nc3 e6 5. Qc2 Nbd7 6. e4 dxe4 7. Nxe4 Nxe4 8.
Qxe4 Bb4+ 9. Bd2 Bxd2+ 10. Nxd2 c5 11. Nb3 O-O 12. O-O-O cxd4 13. Rxd4 e5 14.
Rd6 Qg5+ 15. Qe3 Qxe3+ 16. fxe3 Nf6 17. Be2 Be6 18. Nc5 Bxc4 19. Bxc4 Rac8 20.
b4 b6 21. Ba6 Rc7 22. Kb2 bxc5 23. Rc1 Rb8 24. b5 Kf8 25. a4 Ke7 26. Rcd1 Rd7
27. Rxd7+ Nxd7 28. a5 f5 29. Kb3 g5 30. Kc4 Ke6 31. b6 axb6 32. Bb5 Nf6 33. a6
Ra8 34. Ra1 Ne4 35. Kb3 Ra7 36. Bc4+ Ke7 37. g4 f4 38. exf4 gxf4 39. Bd3 Nd6
40. Bxh7 Ke6 41. Bg8+ Kf6 42. Rd1 Ke7 43. Ra1 e4 44. h4 f3 45. h5 Nf7 46. Bh7
e3 47. Be4 Rxa6 48. Rxa6 e2 49. Bd5 Ne5 50. Ra1 f2 0-1

[Event "Madrid ch 2009 - Semifinal A"]
[Site "Madrid ESP"]
[Date "2009.01.14"]
[Round "3.5"]
[White "Ballesteros Gonzalez, David"]
[Black "Quintero Torres, Pedro"]
[Result "1-0"]
[WhiteElo "2271"]
[BlackElo "2046"]
[PlyCount "125"]
[EventDate "2009.01.12"]
[EventType "swiss"]
[EventRounds "9"]
[EventCountry "ESP"]
[Source "lmi"]
[SourceDate "2009.01.12"]

1. d4 Nf6 2. c4 g6 3. Nc3 d5 4. Bg5 Ne4 5. Nxe4 dxe4 6. f3 Bg7 7. e3 c5 8. Qa4+
Qd7 9. Qxd7+ Bxd7 10. O-O-O cxd4 11. exd4 exf3 12. Nxf3 h6 13. Bh4 g5 14. Bg3
Bg4 15. Be2 Nd7 16. h3 Bh5 17. Rhe1 Rc8 18. b3 Bg6 19. Bd3 Bxd3 20. Rxd3 Bf6
21. Bd6 Kf8 22. Bb4 b5 23. c5 Kg7 24. Bc3 e6 25. b4 Rhd8 26. Kc2 Nb8 27. a4 a6
28. axb5 axb5 29. d5 Rxd5 30. Rxd5 exd5 31. Nd4 Bxd4 32. Bxd4+ Kf8 33. Ra1 Nc6
34. Kc3 Ke7 35. Re1+ Kd7 36. Rf1 Ra8 37. Rxf7+ Ke6 38. Rf6+ Kd7 39. Rf7+ Ke6
40. Rc7 Ra3+ 41. Kb2 Ra6 42. Bc3 d4 43. Bd2 Kd5 44. Rd7+ Kc4 45. Rd6 Nb8 46.
Rxa6 Nxa6 47. Kc2 d3+ 48. Kd1 Kd4 49. Ke1 Kd5 50. Kf2 Ke4 51. Kg3 h5 52. Kf2 h4
53. c6 Kd4 54. Bxg5 Kd5 55. Bd2 Kxc6 56. Ke3 Kd5 57. Kxd3 Ke5 58. Ke3 Kf5 59.
Kd4 Nxb4 60. Bxb4 Kf4 61. Be7 b4 62. Bxh4 b3 63. Kc3 1-0

[Event "Madrid ch 2009 - Semifinal A"]
[Site "Madrid ESP"]
[Date "2009.01.14"]
[Round "3.7"]
[White "Lopez Melgar, Enrique"]
[Black "Perez Cameselle, Francisco Jose"]
[Result "1-0"]
[WhiteElo "2217"]
[BlackElo "1996"]
[PlyCount "77"]
[EventDate "2009.01.12"]
[EventType "swiss"]
[EventRounds "9"]
[EventCountry "ESP"]
[Source "lmi"]
[SourceDate "2009.01.12"]

1. e4 g6 2. d4 Bg7 3. Nc3 c6 4. h3 d6 5. g3 Nf6 6. Bg2 Nbd7 7. Nge2 e5 8. O-O
O-O 9. Be3 Ne8 10. Qd2 f5 11. Bg5 Bf6 12. Bh6 Bg7 13. Rad1 Qe7 14. Bxg7 Nxg7
15. dxe5 dxe5 16. exf5 gxf5 17. f4 Ne6 18. Qd6 Qxd6 19. Rxd6 Nb6 20. b3 exf4
21. Nxf4 Nxf4 22. Rxf4 Kg7 23. Rfd4 Rf6 24. Ne2 Be6 25. Nf4 Bf7 26. Rd8 Rxd8
27. Rxd8 Bg6 28. c4 Rf7 29. c5 Nd7 30. b4 Kf6 31. h4 Ke7 32. Ra8 Nf6 33. Rxa7
Kd8 34. Nxg6 hxg6 35. Bxc6 Kc8 36. b5 Ne4 37. b6 Kb8 38. Bxe4 fxe4 39. c6 1-0

[Event "Madrid ch 2009 - Semifinal A"]
[Site "Madrid ESP"]
[Date "2009.01.14"]
[Round "3.8"]
[White "Andalon Gomez, Carlos J"]
[Black "Lozano Cortijo, Mariano"]
[Result "0-1"]
[WhiteElo "1999"]
[BlackElo "2161"]
[PlyCount "100"]
[EventDate "2009.01.12"]
[EventType "swiss"]
[EventRounds "9"]
[EventCountry "ESP"]
[Source "lmi"]
[SourceDate "2009.01.12"]

1. d4 Nf6 2. c4 c6 3. Nc3 d5 4. Nf3 Bf5 5. Qb3 Qb6 6. c5 Qxb3 7. axb3 e6 8. Bf4
Nbd7 9. b4 Be7 10. e3 O-O 11. b5 Nh5 12. Be2 Nxf4 13. exf4 Bf6 14. O-O Bg4 15.
Ra4 Bxf3 16. Bxf3 cxb5 17. Nxb5 a6 18. Rfa1 Rac8 19. Nc3 b6 20. cxb6 Nxb6 21.
Rb4 Nc4 22. g3 a5 23. Rb7 Bxd4 24. Be2 Nxb2 25. Nb5 Bf6 26. Rxa5 Rc2 27. Kf1 d4
28. Rd7 Rc5 29. Raa7 d3 30. Bxd3 Nxd3 31. Rxd3 Rxb5 32. Rdd7 Rd5 33. Rdc7 h5
34. Ke2 Bd4 35. Rab7 Ra5 36. Rc2 Ra7 37. Rb5 g6 38. h4 Rfa8 39. Kd3 Bf6 40. Ke4
Ra2 41. Rbc5 Rxc2 42. Rxc2 Ra3 43. Rc8+ Kg7 44. Rc7 Ba1 45. Rb7 Bf6 46. Rc7 Bb2
47. Rb7 Ba1 48. Rc7 Kf8 49. Rc8+ Ke7 50. Rc7+ Ke8 0-1

[Event "Madrid ch 2009 - Semifinal A"]
[Site "Madrid ESP"]
[Date "2009.01.14"]
[Round "3.9"]
[White "Carbonell Martinez, Juan"]
[Black "Fernandez Aransay, Fernando"]
[Result "1/2-1/2"]
[WhiteElo "2105"]
[BlackElo "1956"]
[PlyCount "81"]
[EventDate "2009.01.12"]
[EventType "swiss"]
[EventRounds "9"]
[EventCountry "ESP"]
[Source "lmi"]
[SourceDate "2009.01.12"]

1. d4 Nf6 2. Nf3 e6 3. Bg5 Be7 4. e3 h6 5. Bh4 b6 6. Nbd2 Bb7 7. Bd3 d6 8. O-O
g5 9. Bg3 Nh5 10. Ne1 Nxg3 11. fxg3 Bf6 12. Qh5 Qe7 13. c3 Nd7 14. e4 O-O-O 15.
a4 c5 16. Nc2 cxd4 17. cxd4 Kb8 18. a5 Rc8 19. axb6 Nxb6 20. Kh1 Rc7 21. Nb3
Bg7 22. Nb4 Rhc8 23. h3 Rd7 24. Bb5 Rdc7 25. Na6+ Bxa6 26. Bxa6 Rf8 27. Qe2 d5
28. e5 Qb4 29. Qb5 Qxb5 30. Bxb5 f6 31. Nc5 Re7 32. Ra6 fxe5 33. Rxf8+ Bxf8 34.
Rxb6+ axb6 35. Nd7+ Rxd7 36. Bxd7 exd4 37. Bxe6 Bd6 38. g4 Be5 39. Bxd5 d3 40.
b3 d2 41. Bf3 1/2-1/2

[Event "Madrid ch 2009 - Semifinal A"]
[Site "Madrid ESP"]
[Date "2009.01.14"]
[Round "3.10"]
[White "Tejedor Ariza, Francisco"]
[Black "Garcia Gonzalez, Pedro A"]
[Result "1-0"]
[WhiteElo "2089"]
[BlackElo "1927"]
[PlyCount "101"]
[EventDate "2009.01.12"]
[EventType "swiss"]
[EventRounds "9"]
[EventCountry "ESP"]
[Source "lmi"]
[SourceDate "2009.01.12"]

1. e4 e5 2. Nf3 Nc6 3. Bb5 a6 4. Ba4 Nf6 5. d3 d6 6. O-O Be7 7. c3 b5 8. Bc2
O-O 9. Nbd2 Re8 10. Re1 Bf8 11. d4 Bb7 12. d5 Ne7 13. a4 Ng6 14. Nf1 c6 15.
dxc6 Bxc6 16. Bg5 h6 17. Bxf6 Qxf6 18. Ne3 Qd8 19. Nd5 Qb8 20. axb5 Bxb5 21.
Bd3 Rc8 22. Bxb5 Qxb5 23. Qe2 Qxe2 24. Rxe2 Nf4 25. Rd2 Nxd5 26. Rxd5 Rc6 27.
Kf1 Rb8 28. Ra2 Rcb6 29. b4 Rc8 30. Ra3 Rbc6 31. Rd3 g6 32. Ke2 f5 33. Nd2 Kf7
34. f3 Ke6 35. Nb1 Rc4 36. exf5+ gxf5 37. Rxa6 Be7 38. Ra3 Rg8 39. Kf2 h5 40.
Nd2 Rc7 41. Ra6 Rb8 42. Nb3 Kf7 43. Na5 Rbc8 44. c4 Rxc4 45. Nxc4 Rxc4 46. Rb3
h4 47. Ra2 d5 48. b5 Bc5+ 49. Ke2 Rb4 50. Rxb4 Bxb4 51. b6 1-0

[Event "Madrid ch 2009 - Semifinal A"]
[Site "Madrid ESP"]
[Date "2009.01.14"]
[Round "3.11"]
[White "Vukotic Jovsic, Dragan"]
[Black "Ciuro Munoz, Ricardo"]
[Result "0-1"]
[WhiteElo "1995"]
[BlackElo "2071"]
[PlyCount "156"]
[EventDate "2009.01.12"]
[EventType "swiss"]
[EventRounds "9"]
[EventCountry "ESP"]
[Source "lmi"]
[SourceDate "2009.01.12"]

1. d4 d5 2. e3 Nf6 3. Bd3 e6 4. f4 b6 5. c3 Bb7 6. Nf3 Nbd7 7. O-O Ne4 8. Nbd2
Ndf6 9. Ne5 a6 10. Ndf3 h6 11. Qa4+ Nd7 12. Nc6 Qc8 13. Nfe5 b5 14. Qc2 Nxe5
15. Nxe5 Bd6 16. a4 bxa4 17. Rxa4 O-O 18. b4 Bxe5 19. Bxe4 Bd6 20. Bd3 a5 21.
bxa5 c5 22. f5 c4 23. Be2 e5 24. f6 g6 25. Ba3 Bxa3 26. Rxa3 e4 27. h4 Ra6 28.
Qb2 Bc6 29. Qb4 Qc7 30. Rf4 Rb8 31. Qc5 Rb5 32. Qe7 Qxe7 33. fxe7 Kg7 34. Bg4
f5 35. Bh3 h5 36. g4 hxg4 37. Bxg4 Be8 38. Bh3 Rb3 39. Ra1 Rxc3 40. Kf2 Rc2+
41. Kg3 Re2 42. Ra3 Rb2 43. Rf1 Rb7 44. h5 Rxe7 45. hxg6 Rea7 46. Rfa1 Bxg6 47.
Kf4 Kf6 48. Rb1 Rc6 49. Rc1 Rc8 50. a6 Rb8 51. Ra5 Rb2 52. Rxd5 Rf2+ 53. Kg3
Rf3+ 54. Kg2 Rxe3 55. Rd6+ Kg5 56. Rxc4 Ra3 57. Rcc6 Bh5 58. Rc5 Bg4 59. Bxg4
Kxg4 60. Rg6+ Kf4 61. Rf6 Ra2+ 62. Kf1 R7xa6 63. Rfxf5+ Ke3 64. d5 Rh2 65. Kg1
Rd2 66. Rc1 Rg6+ 67. Kh1 Kd3 68. Ra1 e3 69. Re5 Ke2 70. Ra3 Rd3 71. Ra2+ Kf1
72. Rf5+ Ke1 73. Ra1+ Rd1 74. Ra3 Rh6+ 75. Kg2 Rd2+ 76. Kg3 Rg6+ 77. Kf4 e2 78.
Ra1+ Rd1 0-1

[Event "Madrid ch 2009 - Semifinal A"]
[Site "Madrid ESP"]
[Date "2009.01.14"]
[Round "3.12"]
[White "Garcia Esteban, Juan Ignacio"]
[Black "Montero Garcia, Francisco Javier"]
[Result "1/2-1/2"]
[WhiteElo "2071"]
[BlackElo "1906"]
[PlyCount "82"]
[EventDate "2009.01.12"]
[EventType "swiss"]
[EventRounds "9"]
[EventCountry "ESP"]
[Source "lmi"]
[SourceDate "2009.01.12"]

1. e4 c5 2. Nf3 e6 3. c3 Nf6 4. d3 Nc6 5. Be2 d5 6. e5 Nd7 7. d4 f6 8. exf6
Nxf6 9. O-O Bd6 10. Bg5 O-O 11. Nbd2 cxd4 12. cxd4 e5 13. dxe5 Nxe5 14. Qb3 Kh8
15. Nxe5 Bxe5 16. Nf3 Bc7 17. Rad1 Qd6 18. Bxf6 Qxf6 19. Qxd5 Qh6 20. Qg5 Bxh2+
21. Kh1 Qxg5 22. Nxg5 Bc7 23. Bf3 h6 24. Ne4 Be6 25. b3 Rad8 26. Nc5 Bc8 27.
Nxb7 Bxb7 28. Rxd8 Rxd8 29. Bxb7 Rd2 30. a4 Bb6 31. Kg1 Kg8 32. g3 Kf7 33. Ba6
Kf6 34. Kg2 h5 35. Bc4 g5 36. Kf3 Kf5 37. Kg2 g4 38. Bg8 Kg5 39. Bf7 a5 40. Be8
Bc5 41. Bb5 Bb4 1/2-1/2

[Event "Madrid ch 2009 - Semifinal A"]
[Site "Madrid ESP"]
[Date "2009.01.14"]
[Round "3.13"]
[White "Cortes Jurado, Rafael"]
[Black "Ruiz Quevedo, Andres"]
[Result "1/2-1/2"]
[WhiteElo "2050"]
[BlackElo "1889"]
[PlyCount "60"]
[EventDate "2009.01.12"]
[EventType "swiss"]
[EventRounds "9"]
[EventCountry "ESP"]
[Source "lmi"]
[SourceDate "2009.01.12"]

1. e4 d6 2. d4 Nf6 3. Nc3 e5 4. Nf3 exd4 5. Nxd4 Be7 6. Bc4 O-O 7. h3 Nxe4 8.
Nxe4 d5 9. Bxd5 Qxd5 10. Qd3 f5 11. Ng3 Qxg2 12. Qc4+ Kh8 13. Bf4 c5 14. Ne6 b5
15. Qe2 Bxe6 16. Qxe6 Qc6 17. Qxc6 Nxc6 18. O-O-O g6 19. Rhe1 Rfe8 20. Rd7 Bf8
21. Red1 Nd4 22. c3 Ne2+ 23. Nxe2 Rxe2 24. Be3 f4 25. Bxf4 Rxf2 26. Be5+ Kg8
27. Rb7 Re8 28. Bg3 Rg2 29. Bf4 Ree2 30. Rxb5 Rgf2 1/2-1/2

[Event "Madrid ch 2009 - Semifinal A"]
[Site "Madrid ESP"]
[Date "2009.01.19"]
[Round "4.1"]
[White "Fraga Castro, Jose Carlos"]
[Black "Longa Yauca, Javier"]
[Result "0-1"]
[WhiteElo "2187"]
[BlackElo "2312"]
[PlyCount "95"]
[EventDate "2009.01.12"]
[EventType "swiss"]
[EventRounds "9"]
[EventCountry "ESP"]
[Source "lmi"]
[SourceDate "2009.01.12"]

1. Nc3 e5 2. Nf3 Nc6 3. d4 exd4 4. Nxd4 Qf6 5. e3 Nxd4 6. exd4 Bb4 7. Be3 Ne7
8. a3 Bxc3+ 9. bxc3 O-O 10. Bd3 d5 11. O-O Bf5 12. Qf3 Rfe8 13. Rfe1 c6 14. g4
Bxd3 15. Qxf6 gxf6 16. cxd3 Ng6 17. Kg2 Kg7 18. Kg3 Rh8 19. c4 h5 20. h3 h4+
21. Kf3 dxc4 22. dxc4 Rad8 23. Rab1 Rd7 24. Kg2 Re8 25. Bh6+ Kxh6 26. Rxe8 Rxd4
27. Rxb7 Kg7 28. Rxa7 Nf4+ 29. Kf3 Nxh3 30. a4 Ng5+ 31. Ke3 Rxg4 32. Raa8 f5
33. Rh8 Re4+ 34. Kd3 Nf3 35. a5 Ne5+ 36. Kc3 c5 37. a6 Rxc4+ 38. Kb3 Rb4+ 39.
Ka3 Nc4+ 40. Ka2 Ne5 41. a7 Ra4+ 42. Kb3 Rxa7 43. Rhg8+ Kh7 44. Rh8+ Kg7 45.
Rxa7 Kxh8 46. f4 Nf3 47. Ra1 Kg7 48. Rh1 0-1

[Event "Madrid ch 2009 - Semifinal A"]
[Site "Madrid ESP"]
[Date "2009.01.19"]
[Round "4.2"]
[White "Hernandez Gallardo, Francisco Javier"]
[Black "Salcedo Tornero, Pablo"]
[Result "1-0"]
[WhiteElo "2281"]
[BlackElo "2158"]
[PlyCount "77"]
[EventDate "2009.01.12"]
[EventType "swiss"]
[EventRounds "9"]
[EventCountry "ESP"]
[Source "lmi"]
[SourceDate "2009.01.12"]

1. e4 d6 2. d4 Nf6 3. Nc3 g6 4. Bg5 Bg7 5. Qd2 c6 6. f4 Na6 7. Nf3 h6 8. Bh4
O-O 9. O-O-O Re8 10. h3 Qa5 11. Kb1 Be6 12. Bxf6 exf6 13. g4 b5 14. f5 Bc4 15.
Bd3 Rab8 16. b3 Bxd3 17. cxd3 Qb6 18. d5 c5 19. Ka1 Nb4 20. a3 Na6 21. Ne2 Nc7
22. Ka2 a5 23. Rb1 Qa6 24. Rhc1 Kh7 25. Rc2 Rb7 26. Rbc1 Na8 27. Nf4 Nb6 28.
fxg6+ fxg6 29. Ne6 b4 30. Rb1 a4 31. axb4 axb3+ 32. Kxb3 Na4 33. Rc4 cxb4 34.
Qa2 Ra8 35. Kc2 Qb6 36. Nfd4 f5 37. Nxg7 Kxg7 38. gxf5 Qd8 39. Ne6+ 1-0

[Event "Madrid ch 2009 - Semifinal A"]
[Site "Madrid ESP"]
[Date "2009.01.19"]
[Round "4.3"]
[White "Pastor Alonso de Prado, Alberto"]
[Black "Ballesteros Gonzalez, David"]
[Result "0-1"]
[WhiteElo "2137"]
[BlackElo "2271"]
[PlyCount "76"]
[EventDate "2009.01.12"]
[EventType "swiss"]
[EventRounds "9"]
[EventCountry "ESP"]
[Source "lmi"]
[SourceDate "2009.01.12"]

1. e4 c5 2. Nf3 d6 3. c3 Nf6 4. Bd3 e5 5. O-O Nc6 6. Re1 Be7 7. h3 O-O 8. Bf1
d5 9. exd5 Qxd5 10. d3 Bf5 11. Nbd2 Bxd3 12. Bxd3 Qxd3 13. Nxe5 Nxe5 14. Rxe5
Bd6 15. Qe2 Qg6 16. Re3 Nd5 17. Re4 f5 18. Re6 Nf4 19. Rxg6 Nxe2+ 20. Kf1 hxg6
21. Kxe2 Rfe8+ 22. Kf1 Bc7 23. Nf3 Rad8 24. Be3 b6 25. g3 Rd6 26. Ne1 Rd5 27.
Ng2 Kf7 28. Bg5 b5 29. a4 b4 30. c4 Rd3 31. Ne1 Rd4 32. b3 f4 33. Rb1 fxg3 34.
Be3 gxf2 35. Bxf2 Rf4 36. Kg1 Rf5 37. Nd3 Rf3 38. Nxc5 Rxf2 0-1